| 000 | 00544nam a2200205Ia 4500 | ||
|---|---|---|---|
| 003 | OSt | ||
| 005 | 20251122103630.0 | ||
| 008 | 210210b2010 xxu||||| |||| 00| 0 eng d | ||
| 040 | _cAL | ||
| 041 | _aKannada | ||
| 082 | _aK894.1 ABHK | ||
| 100 |
_aABHAYA KUMAR _dಅಭಯ ಕುಮಾರ್ _9246650 |
||
| 245 |
_aKadiru _b ಕದಿರು |
||
| 260 |
_aMangalagangothri _bMangaluru Vishvavidyanilaya _c2010 |
||
| 300 | _aviii,120 | ||
| 650 |
_aKadiru _9246651 |
||
| 690 |
_aKannada Poetry _9246652 |
||
| 906 | _a064867 | ||
| 942 |
_2ddc _cBK |
||
| 999 |
_c141864 _d141864 |
||